000 00735cam a2200253 i 4500
001 47813
005 20230410120732.0
008 071018b1962 sp 000 0 spa
040 _aDRFGD
_bspa
041 1 _aspaeng
050 1 4 _aHT 861
_bK29h 1962
100 1 _aKeller, Frantz.
245 1 0 _aHistoria de la esclavitud /
_cFrantz Keller ; traducción de Javier Tomeu.
250 _a1. ed.
260 _aBarcelona :
_bEditorial Ferma,
_c1962
300 _a190 p.
440 0 _aColección Popular Ferma
500 _aTraducción de: History of slavery.
500 _aIncluye índice.
650 0 _aSlavery
_xHistory
_xJuvenile literature.
650 0 _aSlavery
_xHistory.
700 1 _aTomeu, Javier.,
_etr.
942 _2lcc
_cbk
999 _c50818
_d50818